Building Information Modelling (Record no. 114656)

MARC details
000 -LEADER
fixed length control field 01127cam a22002175a 4500
008 - FIXED-LENGTH DATA ELEMENTS--GENERAL INFORMATION
fixed length control field 121001s2012 xxk f 000 0 eng d
020 ## - INTERNATIONAL STANDARD BOOK NUMBER
International Standard Book Number 9781118399231
035 ## - SYSTEM CONTROL NUMBER
System control number (Sirsi) u157221
041 0# - LANGUAGE CODE
Language code of text/sound track or separate title eng
100 1# - MAIN ENTRY--PERSONAL NAME
Personal name Smith, Dana K.
245 00 - TITLE STATEMENT
Title Building Information Modelling
Medium [Electronic resource]
260 ## - PUBLICATION, DISTRIBUTION, ETC.
Name of publisher, distributor, etc. John Wiley & Sons Inc
Date of publication, distribution, etc. 2012
300 ## - PHYSICAL DESCRIPTION
Extent Ebook
520 ## - SUMMARY, ETC.
Summary, etc. With this strategic guide to building information modeling (BIM), you'll learn how to implement this new technology as part of a comprehensive systems approach to the design, construction, management, operation, maintenance, and use of buildings. The authors, among the leading experts and pioneers in BIM, show you how BIM supports more streamlined, integrated, and efficient business processes throughout the life cycle of buildings, from their initial conception through their eventual retirement or reuse.
650 24 - SUBJECT ADDED ENTRY--TOPICAL TERM
Topical term or geographic name entry element EBOOK
651 #4 - SUBJECT ADDED ENTRY--GEOGRAPHIC NAME
Geographic name ENGLAND AND WALES
690 ## - LOCAL SUBJECT ADDED ENTRY--TOPICAL TERM (OCLC, RLIN)
Topical term or geographic name as entry element BIM
9 (RLIN) 6219
710 1# - ADDED ENTRY--CORPORATE NAME
Corporate name or jurisdiction name as entry element Tardif, Micheal
856 40 - ELECTRONIC LOCATION AND ACCESS
Uniform Resource Identifier <a href="https://www.vlebooks.com/">https://www.vlebooks.com/</a>
Public note View on VLEbooks. Logins for members only from [email protected]
942 ## - ADDED ENTRY ELEMENTS (KOHA)
Suppress in OPAC 0
Holdings
Withdrawn status Lost status Source of classification or shelving scheme Damaged status Not for loan Home library Current library Shelving location Date acquired Total Checkouts Full call number Barcode Date last seen Copy number Price effective from Koha item type
    Dewey Decimal Classification     Virtual Virtual Online 01/10/2012   EBOOK 157221-1001 06/08/2019 1 06/08/2019 Book